Statistics for conjunctions

Click here to take the quiz!

General Stats

  • This quiz has been taken 27 times
  • The average score is 12 of 32

Answer Stats

Answer% Correct
and
93%
but
80%
so
80%
either/or
73%
or
73%
because
60%
if
60%
neither/nor
60%
when
60%
for
53%
as
47%
where
47%
yet
47%
although
40%
since
40%
after
33%
before
33%
nor
33%
than
33%
unless
27%
until
27%
what
27%
while
27%
that
20%
whenever
20%
why
20%
so that
13%
whether
13%
wherever
7%
as if
0%
in order that
0%
not only/but also
0%

Score Distribution

Percentile by Number Answered

Percent of People with Each Score

Your Score History

You have not taken this quiz